000
00326nam a22001457a 4500
008
230703b ||||| |||| 00| 0 eng d
020
_a
9780471022055
041
_a
eng
080
_a
575
082
_a
575MAT
100
_a
13
101
_a
BIOKIMI
245
_a
BIOCHENISTRY A SHORT COURSE
_c
MATTHEWS.R.H
942
_2
udc
_c
BK
999
_c
60087
_d
60087